Mechanical tribology : (Record no. 566478)
[ view plain ]
| 000 -LEADER | |
|---|---|
| fixed length control field | 02453cam a22003017a 4500 |
| 001 - CONTROL NUMBER | |
| control field | 13633312 |
| 003 - CONTROL NUMBER IDENTIFIER | |
| control field | CEME |
| 005 - DATE AND TIME OF LATEST TRANSACTION | |
| control field | 20210628201543.0 |
| 008 - FIXED-LENGTH DATA ELEMENTS--GENERAL INFORMATION | |
| fixed length control field | 040622s2004 nyua 001 0 eng d |
| 010 ## - LIBRARY OF CONGRESS CONTROL NUMBER | |
| LC control number | 2004300732 |
| 020 ## - INTERNATIONAL STANDARD BOOK NUMBER | |
| International Standard Book Number | 0824748735 |
| 035 ## - SYSTEM CONTROL NUMBER | |
| System control number | (OCoLC)ocm55520062 |
| 040 ## - CATALOGING SOURCE | |
| Original cataloging agency | ABC |
| Transcribing agency | ABC |
| Modifying agency | DLC |
| 042 ## - AUTHENTICATION CODE | |
| Authentication code | lccopycat |
| 050 00 - LIBRARY OF CONGRESS CALL NUMBER | |
| Classification number | TJ1075 |
| Item number | .M43 2004 |
| 100 ## - MAIN ENTRY--PERSONAL NAME | |
| Personal name | Totten, George E. |
| 9 (RLIN) | 18964 |
| 245 00 - TITLE STATEMENT | |
| Title | Mechanical tribology : |
| Remainder of title | materials, characterization, and applications / |
| Statement of responsibility, etc. | edited by George E. Totten, Hong Liang. |
| 260 ## - PUBLICATION, DISTRIBUTION, ETC. | |
| Place of publication, distribution, etc. | New York : |
| Name of publisher, distributor, etc. | Marcel Dekker, |
| Date of publication, distribution, etc. | 2004. |
| 300 ## - PHYSICAL DESCRIPTION | |
| Extent | ix, 496 p. : |
| Other physical details | ill. ; |
| Dimensions | 26 cm. |
| 504 ## - BIBLIOGRAPHY, ETC. NOTE | |
| Bibliography, etc. note | Includes bibliographical references and index. |
| 505 0# - FORMATTED CONTENTS NOTE | |
| Formatted contents note | Preface -- Contributors -- Part One. Material and tribological characterization. 1. Surface characterization of materials / Paul J. Pigram, Narelle Brack, and Peter D. Hodgson ; 2. Surface characterization techniques: an overview / Kazuhisa Miyoshi ; 3. Mechanical behavior of plastics: surface properties and tribology / Nikolai K. Myshkin and Mark I. Petrokovets ; 4. Visualization and characterization of bulk and surface morphology by microthermal analysis and atomic force microscopy / Scott Edwards ... [et al.] ; 5. Macromechanics and micromechanics of ceramics / Besim Ben-Nissam, Giuseppe Pezzotti, and Wolfgang H. Müller ; 6. Scuffing and seizure: characterization and investigation / Tadeusz Burakowski, Marian Szczerek, and Waldemar Tuszynski ; 7. Wear mapping and wear characterization methodology / Christina Y.H. Lim and S.C. Lim ; 8. Measuring technique and characteristics of thin film lubrication at nanoscale / Jianbin Luo and Shizhu Wen -- Part Two. Tribological applications. 9. Tribology of metal cutting / Viktor P. Astakhov ; 10. Tribology in metal forming / Emile van der Heide and Dirk Jan Schipper ; 11. Tribology in textile manufacturing and use / Stephen Michielsen ; 12. Biotribology / Hong Liang and Bing Shi ; 13. Biocompatible metals and alloys: properties and degradation phenomena in biological environments / Alexia W.E. Hodgson, Sannakaisa Virtanen, and Heimo Wabusseg ; 14. Epilamization/barrier films / Zygmunt Rymuza -- Index. |
| 650 #0 - SUBJECT ADDED ENTRY--TOPICAL TERM | |
| Topical term or geographic name entry element | Tribology. |
| 9 (RLIN) | 55804 |
| 650 #0 - SUBJECT ADDED ENTRY--TOPICAL TERM | |
| Topical term or geographic name entry element | Surfaces (Technology). |
| 9 (RLIN) | 55805 |
| 650 #0 - SUBJECT ADDED ENTRY--TOPICAL TERM | |
| Topical term or geographic name entry element | Mechanical wear. |
| 9 (RLIN) | 55806 |
| 700 1# - ADDED ENTRY--PERSONAL NAME | |
| Personal name | Liang, Hong. |
| 9 (RLIN) | 55807 |
| 856 42 - ELECTRONIC LOCATION AND ACCESS | |
| Materials specified | Publisher description |
| Uniform Resource Identifier | <a href="http://www.loc.gov/catdir/enhancements/fy0647/2004300732-d.html">http://www.loc.gov/catdir/enhancements/fy0647/2004300732-d.html</a> |
| 942 ## - ADDED ENTRY ELEMENTS (KOHA) | |
| Source of classification or shelving scheme | |
| Koha item type | Book |
| Withdrawn status | Lost status | Source of classification or shelving scheme | Damaged status | Not for loan | Permanent Location | Current Location | Shelving location | Date acquired | Total Checkouts | Full call number | Barcode | Date last seen | Price effective from | Koha item type |
|---|---|---|---|---|---|---|---|---|---|---|---|---|---|---|
| College of Electrical & Mechanical Engineering (CEME) | College of Electrical & Mechanical Engineering (CEME) | General Stacks | 02/23/2017 | 621.89 MEC | CEME-40107 | 06/28/2021 | 06/28/2021 | Book |
